La valeur dans la philosophie de Louis Lavelle.

Saved in:
Bibliographic Details
Main Author: Piersol, Wesley
Format: Book
Language:French
Published: [Paris] Vitte, 1959.
Subjects:
LEADER 00822nam a22002411 4500
001 c000147369
003 CARM
005 00000000000000.0
008 790827s1959 fr b 00000bfre
019 1 |a 1519301  |5 LACONCORD2021 
035 |a (OCoLC)5417158  |5 LACONCORD2021 
050 0 0 |a B2430.L374  |b P53 
100 1 |a Piersol, Wesley. 
245 0 3 |a La valeur dans la philosophie de Louis Lavelle. 
260 |a [Paris]  |b Vitte,  |c 1959. 
300 |a 191 p.  |c 25 cm. 
504 |a Bibliography: p. 173-185. 
600 1 0 |a Lavelle, Louis,  |d 1883-1951. 
650 0 |a Values. 
852 8 |b CARM  |h A2:AE11E0  |i C00360  |p 0022227  |f BK 
082 0 4 |a 121/.8 
999 f f |i 1ff1b52e-2a33-5469-adfa-a5733982b918  |s fe6124da-5d5d-54aa-97c7-52874ad317c0 
952 f f |p Can circulate  |a CAVAL  |b CAVAL  |c CAVAL  |d CARM 1 Store  |e C00360  |f A2:AE11E0  |h Other scheme  |i book  |m 0022227